Biggest Cities in the United States - Mega Extreme - Statistics

General Stats
  • This quiz has been taken 72 times
    65 since last reset
  • The average score is 242 of 875
Answer Stats
Population State City % Correct
961,855 Texas Austin
100%
675,647 Massachusetts Boston
100%
2,746,388 Illinois Chicago
100%
905,748 Ohio Columbus
100%
206,922 Georgia Columbus
100%
50,474 Indiana Columbus
100%
1,304,379 Texas Dallas
100%
715,522 Colorado Denver
100%
639,111 Michigan Detroit
100%
918,915 Texas Fort Worth
100%
2,304,580 Texas Houston
100%
887,642 Indiana Indianapolis
100%
153,701 Mississippi Jackson
100%
68,205 Tennessee Jackson
100%
949,611 Florida Jacksonville
100%
72,723 North Carolina Jacksonville
100%
508,090 Missouri Kansas City
100%
156,607 Kansas Kansas City
100%
3,898,747 California Los Angeles
100%
633,045 Kentucky Louisville
100%
633,104 Tennessee Memphis
100%
429,954 Minnesota Minneapolis
100%
689,447 Tennessee Nashville
100%
383,997 Louisiana New Orleans
100%
8,804,190 New York New York
100%
681,054 Oklahoma Oklahoma City
100%
307,573 Florida Orlando
100%
1,603,797 Pennsylvania Philadelphia
100%
1,608,139 Arizona Phoenix
100%
652,503 Oregon Portland
100%
68,408 Maine Portland
100%
1,434,625 Texas San Antonio
100%
873,965 California San Francisco
100%
311,527 Minnesota St. Paul
100%
384,959 Florida Tampa
100%
498,715 Georgia Atlanta
96%
585,708 Maryland Baltimore
96%
874,579 North Carolina Charlotte
96%
309,317 Ohio Cincinnati
96%
372,624 Ohio Cleveland
96%
678,815 Texas El Paso
96%
641,903 Nevada Las Vegas
96%
291,082 Nebraska Lincoln
96%
442,241 Florida Miami
96%
577,222 Wisconsin Milwaukee
96%
486,051 Nebraska Omaha
96%
467,665 North Carolina Raleigh
96%
264,165 Nevada Reno
96%
1,386,932 California San Diego
96%
96,904 Utah Sandy
96%
1,013,240 California San Jose
96%
737,015 Washington Seattle
96%
413,066 Oklahoma Tulsa
96%
459,470 Virginia Virginia Beach
96%
689,545 - Washington, D.C
96%
564,559 New Mexico Albuquerque
92%
227,470 Louisiana Baton Rouge
92%
235,684 Idaho Boise
92%
278,349 New York Buffalo
92%
478,961 Colorado Colorado Springs
92%
542,107 California Fresno
92%
350,964 Hawaii Honolulu
92%
322,570 Kentucky Lexington
92%
269,840 Wisconsin Madison
92%
56,933 Alabama Madison
92%
76,416 California Pittsburg
92%
524,943 California Sacramento
92%
301,578 Missouri St. Louis
92%
542,629 Arizona Tucson
92%
249,545 North Carolina Winston-Salem
92%
214,133 Iowa Des Moines
88%
248,325 Arizona Glendale
88%
196,543 California Glendale
88%
292,449 New Jersey Jersey City
88%
200,603 Alabama Montgomery
88%
311,549 New Jersey Newark
88%
440,646 California Oakland
88%
397,532 Kansas Wichita
88%
291,247 Alaska Anchorage
83%
403,455 California Bakersfield
83%
200,733 Alabama Birmingham
83%
317,863 Texas Corpus Christi
83%
263,886 Indiana Fort Wayne
83%
202,591 Arkansas Little Rock
83%
262,527 Nevada North Las Vegas
83%
211,328 New York Rochester
83%
121,395 Minnesota Rochester
83%
228,989 Washington Spokane
83%
62,559 Texas Spring
83%
57,732 Missouri St. Peters
83%
346,824 California Anaheim
79%
386,261 Colorado Aurora
79%
180,542 Illinois Aurora
79%
249,422 Virginia Chesapeake
79%
283,506 North Carolina Durham
79%
256,684 Texas Irving
79%
466,742 California Long Beach
79%
504,258 Arizona Mesa
79%
310,227 California Santa Ana
79%
270,871 Ohio Toledo
79%
299,035 North Carolina Greensboro
75%
307,670 California Irvine
75%
257,141 Texas Lubbock
75%
238,005 Virginia Norfolk
75%
199,723 Utah Salt Lake City
75%
241,361 Arizona Scottsdale
75%
320,804 California Stockton
75%
258,308 Florida St. Petersburg
75%
394,266 Texas Arlington
71%
238,643 Virginia Arlington
71%
202,081 Georgia Augusta
71%
275,987 Arizona Chandler
71%
317,610 Nevada Henderson
71%
223,109 Florida Hialeah
71%
302,971 Pennsylvania Pittsburgh
71%
285,494 Texas Plano
71%
226,610 Virginia Richmond
71%
116,448 California Richmond
71%
275,487 California Chula Vista
67%
246,018 Texas Garland
67%
314,998 California Riverside
67%
222,101 California San Bernardino
67%
200,393 Texas Amarillo
63%
255,205 Texas Laredo
63%
228,673 California Santa Clarita
63%
206,518 Massachusetts Worcester
63%
267,918 Arizona Gilbert
58%
218,464 California Modesto
58%
169,176 Missouri Springfield
58%
155,929 Massachusetts Springfield
58%
114,394 Illinois Springfield
58%
58,662 Ohio Springfield
58%
211,569 New York Yonkers
58%
198,917 Michigan Grand Rapids
54%
215,006 Alabama Huntsville
54%
175,535 Oregon Salem
54%
196,169 Florida Tallahassee
54%
138,486 Texas Waco
54%
73,622 North Dakota Bismarck
50%
150,227 South Carolina Charleston
50%
230,504 California Fremont
50%
200,509 Texas Frisco
50%
190,934 Rhode Island Providence
50%
87,505 New Mexico Santa Fe
50%
182,760 Florida Fort Lauderdale
46%
121,054 Connecticut Hartford
46%
198,711 California Huntington Beach
46%
121,374 Louisiana Lafayette
46%
70,783 Indiana Lafayette
46%
55,605 Washington Olympia
46%
192,517 South Dakota Sioux Falls
46%
126,587 Kansas Topeka
46%
136,632 South Carolina Columbia
42%
126,254 Missouri Columbia
42%
104,681 Maryland Columbia
42%
94,831 Pennsylvania Erie
42%
176,654 Oregon Eugene
42%
208,501 North Carolina Fayetteville
42%
93,949 Arkansas Fayetteville
42%
81,252 Michigan Flint
42%
141,085 Florida Gainesville
42%
69,093 Indiana Gary
42%
107,395 Wisconsin Green Bay
42%
50,099 Pennsylvania Harrisburg
42%
153,067 Florida Hollywood
42%
112,644 Michigan Lansing
42%
115,644 New Hampshire Manchester
42%
187,041 Alabama Mobile
42%
208,634 California Moreno Valley
42%
197,238 Kansas Overland Park
42%
115,162 Utah Provo
42%
147,780 Georgia Savannah
42%
148,620 New York Syracuse
42%
90,871 New Jersey Trenton
42%
190,915 Washington Vancouver
42%
99,224 New York Albany
38%
69,647 Georgia Albany
38%
56,472 Oregon Albany
38%
159,467 Virginia Alexandria
38%
104,627 Texas Allen
38%
117,116 Montana Billings
38%
186,738 Texas Brownsville
38%
118,403 Massachusetts Cambridge
38%
137,710 Iowa Cedar Rapids
38%
166,722 Tennessee Clarksville
38%
137,644 Ohio Dayton
38%
76,831 Arizona Flagstaff
38%
169,810 Colorado Fort Collins
38%
63,399 Ohio Hamilton
38%
92,297 New Jersey Hamilton Township (Mercer County)
38%
190,740 Tennessee Knoxville
38%
111,822 Texas Lewisville
38%
142,210 Texas McAllen
38%
134,023 Connecticut New Haven
38%
186,247 Virginia Newport News
38%
175,265 California Ontario
38%
202,063 California Oxnard
38%
151,950 Texas Pasadena
38%
138,699 California Pasadena
38%
219,346 Washington Tacoma
38%
180,587 Arizona Tempe
38%
139,387 Michigan Warren
38%
115,451 North Carolina Wilmington
38%
70,898 Delaware Wilmington
38%
190,469 Ohio Akron
33%
125,845 Pennsylvania Allentown
33%
123,851 Michigan Ann Arbor
33%
127,315 Georgia Athens
33%
115,282 Texas Beaumont
33%
53,036 California Beaumont
33%
124,321 California Berkeley
33%
108,250 Colorado Boulder
33%
107,337 California Burbank
33%
133,434 Texas Carrollton
33%
95,558 California Carson
33%
174,721 North Carolina Cary
33%
181,099 Tennessee Chattanooga
33%
65,132 Wyoming Cheyenne
33%
117,292 Florida Clearwater
33%
120,511 Texas College Station
33%
125,410 California Concord
33%
105,240 North Carolina Concord
33%
70,522 Illinois Decatur
33%
57,938 Alabama Decatur
33%
139,869 Texas Denton
33%
137,298 New Jersey Elizabeth
33%
221,831 Nevada Enterprise
33%
117,298 Indiana Evansville
33%
125,990 North Dakota Fargo
33%
208,393 California Fontana
33%
53,695 Texas Galveston
33%
196,100 Texas Grand Prairie
33%
157,346 Georgia Macon
33%
174,068 California Oceanside
33%
139,911 California Orange
33%
190,985 Arizona Peoria
33%
113,150 Illinois Peoria
33%
148,655 Illinois Rockford
33%
109,707 California Santa Maria
33%
93,076 California Santa Monica
33%
215,597 Nevada Spring Valley
33%
65,283 New York Utica
33%
117,415 Florida West Palm Beach
33%
99,178 Oregon Bend
29%
89,987 Minnesota Bloomington
29%
79,168 Indiana Bloomington
29%
78,680 Illinois Bloomington
29%
97,422 Florida Boca Raton
29%
53,293 Montana Bozeman
29%
148,654 Connecticut Bridgeport
29%
57,303 North Carolina Burlington
29%
86,697 Minnesota Duluth
29%
106,215 California El Cajon
29%
87,521 North Carolina Greenville
29%
70,720 South Carolina Greenville
29%
137,148 Virginia Hampton
29%
64,818 Idaho Idaho Falls
29%
136,588 Washington Kent
29%
153,095 Texas Killeen
29%
84,872 Louisiana Lake Charles
29%
112,641 Florida Lakeland
29%
173,516 California Lancaster
29%
111,385 New Mexico Las Cruces
29%
195,308 Texas McKinney
29%
84,678 Florida Melbourne
29%
150,108 Texas Mesquite
29%
82,890 Florida Miami Beach
29%
152,769 Tennessee Murfreesboro
29%
149,540 Illinois Naperville
29%
101,079 Massachusetts New Bedford
29%
128,026 Oklahoma Norman
29%
87,321 Utah Ogden
29%
98,129 Utah Orem
29%
159,732 New Jersey Paterson
29%
112,046 Florida Pompano Beach
29%
74,703 South Dakota Rapid City
29%
147,773 California Roseville
29%
127,647 California Santa Clara
29%
62,956 California Santa Cruz
29%
178,127 California Santa Rosa
29%
54,842 Florida Sarasota
29%
76,328 Pennsylvania Scranton
29%
187,593 Louisiana Shreveport
29%
103,453 Indiana South Bend
29%
102,976 Washington Spokane Valley
29%
95,342 Utah St. George
29%
155,805 California Sunnyvale
29%
97,335 Florida Sunrise
29%
143,148 Arizona Surprise
29%
126,966 California Thousand Oaks
29%
99,600 Alabama Tuscaloosa
29%
105,995 Texas Tyler
29%
141,384 California Visalia
29%
66,427 Iowa Ames
25%
115,291 California Antioch
25%
124,402 Colorado Arvada
25%
94,589 North Carolina Asheville
25%
87,256 Washington Auburn
25%
76,143 Alabama Auburn
25%
113,540 Oklahoma Broken Arrow
25%
71,791 New Jersey Camden
25%
194,016 Florida Cape Coral
25%
114,746 California Carlsbad
25%
58,639 Nevada Carson City
25%
59,038 Wyoming Casper
25%
95,740 California Compton
25%
66,850 California Davis
25%
109,976 Michigan Dearborn
25%
114,797 Illinois Elgin
25%
176,124 California Elk Grove
25%
151,038 California Escondido
25%
110,629 Washington Everett
25%
171,949 California Garden Grove
25%
95,294 Arizona Goodyear
25%
59,166 North Dakota Grand Forks
25%
60,442 Montana Great Falls
25%
162,954 California Hayward
25%
123,011 Missouri Independence
25%
74,828 Iowa Iowa City
25%
150,362 Illinois Joliet
25%
99,986 Wisconsin Kenosha
25%
155,984 Colorado Lakewood
25%
82,496 California Lakewood
25%
63,612 Washington Lakewood
25%
50,942 Ohio Lakewood
25%
135,158 New Jersey Lakewood Township
25%
94,934 Kansas Lawrence
25%
89,143 Massachusetts Lawrence
25%
115,554 Massachusetts Lowell
25%
54,100 Kansas Manhattan
25%
111,640 Florida Miami Gardens
25%
132,524 Texas Midland
25%
73,489 Montana Missoula
25%
100,200 Idaho Nampa
25%
79,726 New York New Rochelle
25%
114,852 South Carolina North Charleston
25%
114,428 Texas Odessa
25%
119,760 Florida Palm Bay
25%
68,572 California Palo Alto
25%
191,238 Nevada Paradise
25%
171,178 Florida Pembroke Pines
25%
56,320 Idaho Pocatello
25%
151,713 California Pomona
25%
204,851 Florida Port St. Lucie
25%
111,876 Colorado Pueblo
25%
174,453 California Rancho Cucamonga
25%
100,011 Virginia Roanoke
25%
92,833 Georgia Roswell
25%
119,468 Texas Round Rock
25%
163,542 California Salinas
25%
105,661 California San Mateo
25%
85,797 Iowa Sioux City
25%
135,470 Connecticut Stamford
25%
134,346 Michigan Sterling Heights
25%
141,867 Colorado Thornton
25%
87,294 Michigan Troy
25%
51,401 New York Troy
25%
55,378 Georgia Valdosta
25%
126,090 California Vallejo
25%
59,559 New York White Plains
25%
95,548 Arizona Yuma
25%
125,182 Texas Abilene
21%
97,494 Oregon Beaverton
21%
151,854 Washington Bellevue
21%
64,176 Nebraska Bellevue
21%
91,482 Washington Bellingham
21%
54,164 Arkansas Bentonville
21%
70,222 Minnesots Blaine
21%
60,833 Connecticut Bristol
21%
91,502 Arizona Buckeye
21%
108,418 Colorado Centennial
21%
54,628 Idaho Coeur d'Alene
21%
157,136 California Corona
21%
62,799 Iowa Council Bluffs
21%
101,724 Iowa Davenport
21%
105,691 Florida Davie
21%
86,859 Florida Deerfield Beach
21%
100,243 Texas Edinburg
21%
62,007 California Encinitas
21%
78,110 Illinois Evanston
21%
119,881 California Fairfield
21%
61,512 Connecticut Fairfield
21%
83,454 Tennessee Franklin
21%
78,171 Maryland Frederick
21%
108,795 Colorado Greeley
21%
72,926 Mississippi Gulfport
21%
106,447 Oregon Hillsboro
21%
107,762 California Inglewood
21%
73,598 Michigan Kalamazoo
21%
79,226 Florida Kissimmee
21%
81,773 Utah Layton
21%
101,108 Missouri Lee's Summit
21%
81,638 Texas Longview
21%
70,714 Washington Marysville
21%
85,824 Oregon Medford
21%
59,659 Massachusetts Medford
21%
117,635 Idaho Meridian
21%
90,801 South Carolina Mount Pleasant
21%
65,194 Indiana Muncie
21%
110,949 California Murrieta
21%
79,246 California Napa
21%
90,403 Texas New Braunfels
21%
64,591 Arkansas North Little Rock
21%
91,316 Missouri O'Fallon
21%
141,290 Kansas Olathe
21%
51,163 California Palm Desert
21%
54,312 Florida Pensacola
21%
81,026 Minnesota Plymouth
21%
97,915 Virginia Portsmouth
21%
101,636 Massachusetts Quincy
21%
95,112 Pennsylvania Reading
21%
93,611 California Redding
21%
73,256 Washington Redmond
21%
84,292 California Redwood City
21%
119,469 Texas Richardson
21%
104,046 New Mexico Rio Rancho
21%
61,271 California San Rafael
21%
60,037 California Santee
21%
126,356 California Simi Valley
21%
108,445 Nevada Sparks
21%
70,493 Missouri St. Charles
21%
94,324 Virginia Suffolk
21%
110,003 California Temecula
21%
102,386 California Vacaville
21%
65,534 Texas Victoria
21%
134,810 California Victorville
21%
114,403 Connecticut Waterbury
21%
89,321 Illinois Waukegan
21%
109,501 California West Covina
21%
116,961 Utah West Jordan
21%
116,317 Colorado Westminster
21%
140,230 Utah West Valley City
21%
102,316 Texas Wichita Falls
21%
96,968 Washington Yakima
21%
78,280 California Alameda
17%
75,644 Wisconsin Appleton
17%
59,996 Idaho Caldwell
17%
70,741 California Camarillo
17%
99,757 Indiana Carmel
17%
101,475 California Chico
17%
91,403 California Chino
17%
89,956 Texas Conroe
17%
59,922 Oregon Corvallis
17%
111,918 California Costa Mesa
17%
51,268 California Covina
17%
60,381 California Cupertino
17%
104,901 California Daly City
17%
86,518 Connecticut Danbury
17%
72,647 Florida Daytona Beach
17%
64,198 Minnesota Eden Prairie
17%
94,428 Oklahoma Edmond
17%
109,450 California El Monte
17%
51,308 Oklahoma Enid
17%
101,030 Washington Federal Way
17%
75,956 Texas Flower Mound
17%
86,395 Florida Fort Myers
17%
89,142 Arkansas Fort Smith
17%
67,176 Texas Georgetown
17%
53,131 Nebraska Grand Island
17%
65,560 Colorado Grand Junction
17%
114,247 Oregon Gresham
17%
51,814 Virginia Harrisonburg
17%
99,818 California Hesperia
17%
60,419 New Jersey Hoboken
17%
78,576 Arkansas Jonesboro
17%
51,762 Missouri Joplin
17%
105,053 California Jurupa Valley
17%
83,921 Washington Kennewick
17%
92,175 Washington Kirkland
17%
59,604 Indiana Kokomo
17%
90,381 Oklahoma Lawton
17%
114,392 Texas League City
17%
75,907 Utah Lehi
17%
66,348 California Lodi
17%
52,778 Utah Logan
17%
79,009 Virginia Lynchburg
17%
58,125 Arizona Maricopa
17%
60,850 Connecticut Meriden
17%
50,987 Ohio Middletown
17%
67,106 New Jersey Middletown Township
17%
134,721 Florida Miramar
17%
85,778 Texas Mission
17%
62,793 Oklahoma Moore
17%
73,893 New York Mount Vernon
17%
85,239 California Newport Beach
17%
88,923 Massachusetts Newton
17%
52,736 Illinois Normal
17%
66,816 Wisconsin Oshkosh
17%
169,450 California Palmdale
17%
81,146 Ohio Parma
17%
77,108 Washington Pasco
17%
75,604 Rhode Island Pawtucket
17%
125,828 Texas Pearland
17%
65,191 Texas Pflugerville
17%
79,715 Texas Pharr
17%
56,039 Texas Port Arthur
17%
77,816 Wisconsin Racine
17%
71,576 California Redondo Beach
17%
104,026 California Rialto
17%
60,560 Washington Richland
17%
99,893 Texas San Angelo
17%
67,047 New York Schenectady
17%
81,045 Massachusetts Somerville
17%
111,026 Texas Sugar Land
17%
147,067 California Torrance
17%
80,276 California Tustin
17%
51,807 Idaho Twin Falls
17%
110,763 California Ventura
17%
82,823 Rhode Island Warwick
17%
71,158 Wisconsin Waukesha
17%
60,068 Ohio Youngstown
17%
52,176 California Aliso Viejo
13%
65,818 Georgia Alpharetta
13%
67,887 Iowa Ankeny
13%
75,791 California Apple Valley
13%
56,374 Minnesota Apple Valley
13%
77,676 Illinois Arlington Heights
13%
52,721 Michigan Battle Creek
13%
83,701 Texas Baytown
13%
79,190 California Bellflower
13%
75,781 Pennslyvania Bethlehem
13%
62,701 Louisiana Bossier City
13%
80,380 Florida Boynton Beach
13%
55,698 Florida Bradenton
13%
105,643 Massachusetts Brockton
13%
83,980 Texas Bryan
13%
73,158 Colorado Castle Rock
13%
77,595 Texas Cedar Park
13%
88,302 Illinois Champaign
13%
55,560 Massachusetts Chicopee
13%
78,411 California Chino Hills
13%
90,296 New Jersey Clifton
13%
64,134 Arkansas Conway
13%
134,394 Florida Coral Springs
13%
82,934 Rhode Island Cranston
13%
63,292 Michigan Dearborn Heights
13%
93,692 Florida Deltona
13%
60,675 Illinois Des Plaines
13%
114,355 California Downey
13%
72,589 California Dublin
13%
59,667 Iowa Dubuque
13%
118,786 California East Los Angeles
13%
53,494 Minnesota Edina
13%
53,923 Indiana Elkhart
13%
98,977 Indiana Fishers
13%
52,388 California Florin
13%
52,533 Missouri Florissant
13%
57,047 California Fountain Valley
13%
143,617 California Fullerton
13%
69,657 Maryland Gaithersburg
13%
80,411 North Carolina Gastonia
13%
50,631 Texas Grapevine
13%
77,879 Indiana Hammond
13%
88,083 California Hawthorne
13%
89,833 California Hemet
13%
61,753 Tennessee Hendersonville
13%
80,737 Florida Homestead
13%
89,137 California Indio
13%
82,453 Georgia Johns Creek
13%
71,046 Tennessee Johnson City
13%
66,448 Louisiana Kenner
13%
64,355 California Laguna Niguel
13%
57,144 Arizona Lake Havasu City
13%
76,378 Colorado Loveland
13%
102,527 California Menifee
13%
143,507 Louisiana Metairie
13%
50,558 Connecticut Milford
13%
80,273 California Milpitas
13%
53,781 Minnesota Minnetonka
13%
74,259 Texas Missouri City
13%
55,266 New Jersey New Brunswick
13%
60,191 Florida North Miami
13%
102,773 California Norwalk
13%
91,184 Connecticut Norwalk
13%
66,243 Michigan Novi
13%
63,591 Florida Ocala
13%
60,183 Kentucky Owensboro
13%
67,908 Illinois Palatine
13%
70,537 New Jersey Passaic
13%
79,871 California Pleasanton
13%
61,606 Michigan Pontiac
13%
79,332 California Rancho Cordova
13%
106,785 Washington Renton
13%
62,186 Massachusetts Revere
13%
76,300 Michigan Rochester Hills
13%
67,117 Maryland Rockville
13%
69,908 Arkansas Rogers
13%
64,293 California San Clemente
13%
108,080 Georgia Sandy Springs
13%
61,051 Florida Sanford
13%
67,311 Kansas Shawnee
13%
55,663 Georgia Smyrna
13%
53,070 Tennessee Smyrna
13%
54,648 Mississippi Southaven
13%
66,105 California South San Francisco
13%
50,915 South Carolina Summerville
13%
82,073 Texas Temple
13%
58,389 Indiana Terre Haute
13%
51,898 Texas Texas City
13%
114,436 Texas The Woodlands
13%
54,539 Oregon Tigard
13%
93,000 California Tracy
13%
79,040 California Upland
13%
98,381 California Vista
13%
80,308 Georgia Warner Robins
13%
67,314 Iowa Waterloo
13%
68,723 Iowa West Des Moines
13%
68,107 Florida Weston
13%
87,306 California Whittier
13%
70,117 California Yuba City
13%
82,868 California Alhambra
8%
58,780 North Carolina Apex
8%
56,681 California Arcadia
8%
72,176 California Baldwin Park
8%
71,686 New Jersey Bayonne
8%
68,056 Maryland Bethesda
8%
73,922 Illinois Bolingbrook
8%
72,294 Kentucky Bowling Green
8%
64,292 California Brentwood
8%
63,191 Massachusetts Brookline
8%
52,066 Washington Burien
8%
51,493 California Cathedral City
8%
61,960 North Carolina Chapel Hill
8%
85,268 Illinois Cicero
8%
120,124 California Clovis
8%
50,151 California Cypress
8%
51,428 California Delano
8%
55,072 California Diamond Bar
8%
75,874 Florida Doral
8%
71,072 Alabama Dothan
8%
51,017 Utah Draper
8%
51,683 Georgia Dunwoody
8%
68,855 Minnesota Eagan
8%
51,045 Connecticut East Hartford
8%
69,421 Wisconsin Eau Claire
8%
107,588 New Jersey Edison Township
8%
52,656 Ohio Elyria
8%
94,000 Massachusetts Fall River
8%
83,986 Michigan Farmington Hills
8%
80,454 California Folsom
8%
72,362 Massachusetts Framingham
8%
61,027 California Gardena
8%
91,249 Maryland Germantown
8%
63,830 Indiana Greenwood
8%
67,787 Massachusetts Haverhill
8%
59,169 New York Hempstead
8%
55,144 Utah Herriman
8%
56,999 California Highland
8%
92,606 Alabama Hoover
8%
65,615 Wisconsin Janesville
8%
61,047 Florida Jupiter
8%
53,114 North Carolina Kannapolis
8%
57,862 Ohio Kettering
8%
55,442 Tennessee Kingsport
8%
53,526 Washington Lacey
8%
70,265 California Lake Elsinore
8%
69,490 Minnesota Lakeville
8%
61,121 California La Mesa
8%
57,434 Kansas Lenexa
8%
95,535 Michigan Livonia
8%
65,211 Ohio Lorain
8%
101,253 Massachusetts Lynn
8%
58,409 Oklahoma Midwest City
8%
51,063 Indiana Mishawaka
8%
50,637 Utah Murray
8%
56,173 California National City
8%
74,135 Connecticut New Britain
8%
69,917 Texas North Richland Hills
8%
58,362 Illinois Oak Lawn
8%
54,583 Illinois Oak Park
8%
58,703 Illinois Orland Park
8%
61,366 Florida Palm Harbor
8%
54,481 Massachusetts Peabody
8%
78,700 California Perris
8%
55,436 New Jersey Perth Amboy
8%
59,776 California Petaluma
8%
91,750 Florida Plantation
8%
73,168 California Redlands
8%
74,372 South Carolina Rock Hill
8%
71,601 California Rocklin
8%
54,341 North Carolina Rocky Mount
8%
51,185 California Rosemead
8%
62,535 Texas Rowlett
8%
58,211 Arizona Royal Oak
8%
53,898 California San Jacinto
8%
91,008 California San Leandro
8%
94,833 California San Marcos
8%
67,553 Texas San Marcos
8%
84,605 California San Ramon
8%
67,824 Illinois Skokie
8%
76,618 Michigan Southfield
8%
107,436 Georgia South Fulton
8%
92,726 California South Gate
8%
77,487 Utah South Jordan
8%
84,161 Arkansas Springdale
8%
58,874 Michigan St. Clair Shores
8%
68,881 Minnesota St. Cloud
8%
58,964 Florida St. Cloud
8%
72,473 Missouri St. Joseph
8%
50,010 Minnesota St. Louis Park
8%
205,618 Nevada Sunrise Manor
8%
72,740 California Turlock
8%
65,218 Massachusetts Waltham
8%
61,637 Florida Wellington
8%
64,083 Connecticut West Hartford
8%
55,584 Connecticut West Haven
8%
53,915 California West Sacramento
8%
75,102 Minnesota Woodbury
8%
61,032 California Woodland
8%
76,501 Michigan Wyoming
8%
54,788 Indiana Anderson
4%
94,659 California Arden-Arcade
4%
89,334 Arizona Avondale
4%
50,000 California Azusa
4%
57,786 Tennessee Bartlett
4%
57,250 Illinois Berwyn
4%
58,603 Missouri Blue Springs
4%
53,644 Florida Bonita Springs
4%
58,329 Maryland Bowie
4%
114,626 Florida Brandon
4%
55,161 Georgia Brookhaven
4%
74,112 Colorado Broomfield
4%
64,317 Minnesota Burnsville
4%
53,658 Arizona Casa Grande
4%
70,973 Arizona Casas Adobes
4%
87,583 California Citrus Heights
4%
51,324 Tennessee Collierville
4%
53,909 California Colton
4%
62,418 Colorado Commerce City
4%
63,599 Minnesota Coon Rapids
4%
51,114 Ohio Cuyahoga Falls
4%
66,846 Florida Delray Beach
4%
56,145 Texas DeSoto
4%
50,247 Illinois Downers Grove
4%
50,922 Hawaii East Honolulu
4%
69,612 New Jersey East Orange
4%
61,851 Oregon East Orange
4%
69,757 California Eastvale
4%
61,032 Texas Euless
4%
61,983 California Florence-Graham
4%
59,520 California Gilroy
4%
66,034 New Jersey Gloucester Township
4%
114,059 North Carolina High Point
4%
52,530 Illinois Hoffman Estates
4%
61,376 North Carolina Huntersville
4%
54,304 Michigan Kentwood
4%
52,680 Wisconsin La Crosse
4%
82,485 Florida Largo
4%
74,482 Florida Lauderhill
4%
59,202 Texas Leander
4%
87,955 California Livermore
4%
98,885 Colorado Longmont
4%
67,265 California Lynwood
4%
66,224 California Madera
4%
66,263 Massachusetts Malden
4%
72,602 Texas Mansfield
4%
83,498 California Manteca
4%
70,253 Minnesota Maple Grove
4%
51,908 Arizona Marana
4%
58,712 Florida Margate
4%
50,773 Virginia McLean
4%
86,333 California Merced
4%
53,059 Massachusetts Methuen
4%
63,380 Utah Millcreek
4%
62,640 California Montebello
4%
50,193 North Carolina Mooresville
4%
56,852 Illinois Mount Prospect
4%
69,604 Indiana Noblesville
4%
74,793 Florida North Port
4%
53,225 California Novato
4%
59,182 Florida Palm Beach Gardens
4%
89,258 Florida Palm Coast
4%
53,733 California Paramount
4%
58,512 Colorado Parker
4%
54,586 New Jersey Plainfield
4%
60,625 Florida Port Charlotte
4%
62,623 California Porterville
4%
62,596 Florida Port Orange
4%
59,519 Arizona Queen Creek
4%
67,455 Washington Sammamish
4%
78,723 Illinois Schaumburg
4%
58,608 Washington Shoreline
4%
81,015 Maryland Silver Spring
4%
59,194 Georgia Stonecrest
4%
51,384 Connecticut Stratford
4%
71,897 Florida Tamarac
4%
59,408 Massachusetts Taunton
4%
63,409 Michigan Taylor
4%
60,448 Utah Taylorsville
4%
92,830 New Jersey Toms River
4%
68,875 California Tulare
4%
70,143 California Union City
4%
59,728 New Jersey Union Township (Union County)
4%
60,780 New Jersey Vineland
4%
70,127 California Walnut Creek
4%
52,590 California Watsonville
4%
60,325 Wisconsin West Allis
4%
56,384 Florida Westchester
4%
85,420 Michigan Westland
4%
52,912 New Jersey West New York
4%
57,437 Massachusetts Weymouth
4%
53,970 Illinois Wheaton
4%
52,150 Maryland Wheaton
4%
103,639 New Jersey Woodbridge Township
4%
57,526 Texas Wylie
4%
68,336 California Yorba Linda
4%
54,542 California Yucaipa
4%
92,452 Florida Alafaya
0%
53,828 Oregon Aloha
0%
54,873 Florida Apopka
0%
51,063 Maryland Aspen Hill
0%
88,174 Texas Atascocita
0%
57,648 Maryland Bel Air South
0%
53,105 New Jersey Bloomfield Township
0%
86,478 Minnesota Brooklyn Park
0%
84,034 California Buena Park
0%
79,793 California Carmichael
0%
66,441 California Castro Valley
0%
52,401 Arizona Catalina Foothills
0%
73,518 Virginia Centreville
0%
76,829 New York Cheektowaga
0%
74,553 New Jersey Cherry Hill Township
0%
57,833 Florida Coconut Creek
0%
72,088 Virginia Dale City
0%
67,796 Maryland Dundalk
0%
50,547 California El Dorado Hills
0%
75,947 Maryland Elliott City
0%
59,870 Florida Fountainbleau
0%
56,381 Florida Four Corners
0%
72,891 Maryland Glen Burnie
0%
52,558 California Glendora
0%
54,191 California Hacienda Heights
0%
61,169 Connecticut Hamden
0%
57,990 California Hanford
0%
50,431 Pennsylvania Haverford Township
0%
103,444 Colorado Highlands Ranch
0%
58,101 Florida Horizon West
0%
54,883 California Huntington Park
0%
51,043 New York Irondequoit
0%
61,176 New Jersey Irvington Township
0%
55,646 Florida Kendale Lakes
0%
80,241 Florida Kendall
0%
63,097 California La Habra
0%
85,858 California Lake Forest
0%
114,287 Florida Lehigh Acres
0%
52,699 Pennsylvania Levittown
0%
51,758 New York Levittown
0%
61,096 California Monterey Park
0%
63,361 New Jersey North Bergen Township
0%
50,094 Maryland North Bethesda
0%
56,162 New Jersey Parsippany-Troy Hills Township
0%
62,088 California Pico Rivera
0%
66,111 Florida Pine Hills
0%
53,093 Florida Pinellas Park
0%
60,804 New Jersey Piscataway Township
0%
51,824 California Placentia
0%
69,309 Florida Poinciana
0%
69,657 Virginia Reston
0%
107,396 Florida Riverview
0%
57,118 Maryland Severn
0%
64,708 Washington South Hill
0%
56,415 California South Whittier
0%
113,568 Florida Spring Hill
0%
50,005 Tennessee Spring Hill
0%
99,894 Arizona Sun Tan Valley
0%
54,212 Florida Tamiami
0%
59,480 Florida The Hammocks
0%
79,077 Florida The Villages
0%
55,971 Illinois Tinley Park
0%
85,951 Florida Town 'n' Country
0%
59,553 Maryland Towson
0%
50,893 Florida University (Hillsborough County)
0%
81,410 Maryland Waldorf
0%
54,838 New Jersey Wayne Township
0%
64,866 Florida Wesley Chapel
0%
No matching quizzes found
Score Distribution
Percent of People with Each Score
Percentile by Number Answered
Your Score History
You have not taken this quiz since the last reset